Civil Wars in Africa: (Record no. 3140)
[ view plain ]
| 000 -LEADER | |
|---|---|
| fixed length control field | 01912cam a2200301 a 4500 |
| 001 - CONTROL NUMBER | |
| control field | 12118516 |
| 003 - CONTROL NUMBER IDENTIFIER | |
| control field | OSt |
| 005 - DATE AND TIME OF LATEST TRANSACTION | |
| control field | 20191128112407.0 |
| 008 - FIXED-LENGTH DATA ELEMENTS--GENERAL INFORMATION | |
| fixed length control field | 000725s1999 qucb b 001 0 eng d |
| 010 ## - LIBRARY OF CONGRESS CONTROL NUMBER | |
| LC control number | 00340829 |
| 020 ## - INTERNATIONAL STANDARD BOOK NUMBER | |
| International Standard Book Number | 0773517774 (acid-free paper) |
| 040 ## - CATALOGING SOURCE | |
| Original cataloging agency | NLC |
| Language of cataloging | eng |
| Transcribing agency | NLC |
| Modifying agency | IUP |
| -- | DGU |
| -- | UMC |
| -- | TWU |
| -- | DLC |
| 042 ## - AUTHENTICATION CODE | |
| Authentication code | lccopycat |
| 043 ## - GEOGRAPHIC AREA CODE | |
| Geographic area code | fb----- |
| 050 00 - LIBRARY OF CONGRESS CALL NUMBER | |
| Classification number | DT352.8 |
| Item number | .C49 1999 |
| 082 00 - DEWEY DECIMAL CLASSIFICATION NUMBER | |
| Classification number | 960.3 CIV 1999 |
| Edition number | 21 |
| 100 ## - MAIN ENTRY--PERSONAL NAME | |
| Personal name | Edited by Taisier, M. Ali; Robert O. Matthews |
| 9 (RLIN) | 13099 |
| 245 00 - TITLE STATEMENT | |
| Title | Civil Wars in Africa: |
| Remainder of title | roots and resolution |
| 260 ## - PUBLICATION, DISTRIBUTION, ETC. (IMPRINT) | |
| Place of publication, distribution, etc. | Montreal ; |
| -- | Ithaca [N.Y.] : |
| Name of publisher, distributor, etc. | McGill-Queen's University Press, |
| Date of publication, distribution, etc. | 1999. |
| 300 ## - PHYSICAL DESCRIPTION | |
| Extent | xii, 322 p. : |
| Other physical details | maps ; |
| Dimensions | 24 cm. |
| 504 ## - BIBLIOGRAPHY, ETC. NOTE | |
| Bibliography, etc | Includes bibliographical references and index. |
| 505 0# - FORMATTED CONTENTS NOTE | |
| Formatted contents note | Managing political change: Uganda under Museveni / John Kiyaga-Nsubuga -- Liberation politics in Ethiopia and Eritrea / John Prendergast and Mark Duffield -- Civil war, the peace process, and genocide in Rwanda / Bruce D. Jones -- The civil war in Liberia / Elwood Dunn -- Inside from the outside? The roots and resolution of Mozambique's un/civil war / John S. Saul -- Somali civil wars / Hussein M. Adam -- Civil war and failed peace efforts in Sudan / Taisier M. Ali and Robert O. Matthews -- Leadership, participation and conflict management: Zimbabwe and Tanzania / Hevina S. Dashwood and Cranford Pratt -- Redefining "security" after the Cold War: the OAU, the UN, and conflict management in Africa / James Busumtwi-Sam -- Conclusion: conflict, resolution, and building peace / Taisier M. Ali and Robert O. Matthews. |
| 650 #0 - SUBJECT ADDED ENTRY--TOPICAL TERM | |
| Topical term or geographic name as entry element | Political violence |
| 9 (RLIN) | 6991 |
| 650 #0 - SUBJECT ADDED ENTRY--TOPICAL TERM | |
| Topical term or geographic name as entry element | Conflict management |
| 9 (RLIN) | 6992 |
| 906 ## - LOCAL DATA ELEMENT F, LDF (RLIN) | |
| a | 7 |
| b | cbc |
| c | copycat |
| d | 3 |
| e | ncip |
| f | 20 |
| g | y-gencatlg |
| 942 ## - ADDED ENTRY ELEMENTS (KOHA) | |
| Source of classification or shelving scheme | Dewey Decimal Classification |
| Koha item type | Short Loan |
| Withdrawn status | Lost status | Source of classification or shelving scheme | Damaged status | Not for loan | Home library | Current library | Date acquired | Source of acquisition | Inventory number | Total Checkouts | Full call number | Barcode | Date last seen | Koha item type |
|---|---|---|---|---|---|---|---|---|---|---|---|---|---|---|
| Dewey Decimal Classification | MUST Main Library | MUST Main Library | 02/03/2016 | Purchase | 00/14735 | 960.3 CIV 1999 | 2016-0305 | 02/03/2016 | Short Loan |
